Statistics for Hallelujah - Pentatonix - All Lyrics

Click here to take the quiz!

General Stats

  • This quiz has been taken 31 times
  • The average score is 166 of 208

Answer Stats

Answer% Correct
Hallelujah
100%
Hallelujah,
100%
I
100%
a
96%
And
96%
and
96%
chair
96%
the
96%
The
96%
ya
96%
ya?
96%
do
92%
it
92%
you
92%
You
92%
hear
88%
secret
88%
there
88%
was
88%
But
85%
but
85%
for
85%
Lord
85%
music,
85%
really
85%
she
85%
She
85%
to
85%
broke
81%
care
81%
cut
81%
don't
81%
hair
81%
heard
81%
kitchen
81%
played
81%
pleased
81%
shoot
81%
that
81%
tied
81%
chord
77%
David
77%
fifth
77%
fourth,
77%
Her
77%
her
77%
not
77%
on
77%
this
77%
this,
77%
your
77%
goes
73%
it's
73%
It’s
73%
I’ve
73%
I've
73%
king
73%
lift
73%
like
73%
love
73%
broken
69%
fall,
69%
is
69%
major
69%
minor
69%
night
69%
saw
69%
all
65%
at
65%
beauty
65%
cold
65%
composin'
65%
ever
65%
faith
65%
from
65%
in
65%
light
65%
lips,
65%
moonlight
65%
needed
65%
proof
65%
roof
65%
seen
65%
who
65%
baffled
62%
before
62%
how
62%
learned
62%
march
62%
Maybe
62%
strong,
62%
there's
62%
victory
62%
Well,
62%
who's
62%
bathing
58%
been
58%
drew
58%
God
58%
here
58%
knew
58%
somebody
58%
throne
58%
above
54%
baby,
54%
cry
54%
live
54%
outdrew
54%
overthrew
54%
used
54%
walked
54%
alone
50%
flag
50%
floor
50%
room
50%
marble
46%
arch
42%

Score Distribution

Percentile by Number Answered

Percent of People with Each Score

Your Score History

You have not taken this quiz